<?xml version="1.0" encoding="UTF-8"?>
<record
    xmlns:xsi="http://www.w3.org/2001/XMLSchema-instance"
    xsi:schemaLocation="http://www.loc.gov/MARC21/slim http://www.loc.gov/standards/marcxml/schema/MARC21slim.xsd"
    xmlns="http://www.loc.gov/MARC21/slim">

  <leader>02406nam a2200433uu 4500</leader>
  <controlfield tag="001">1187449</controlfield>
  <controlfield tag="005">20260507135216.0</controlfield>
  <controlfield tag="007">co|||||||</controlfield>
  <controlfield tag="008">100204nuuuuuuuu                    spa  </controlfield>
  <datafield tag="035" ind1=" " ind2=" ">
    <subfield code="a">1187449</subfield>
  </datafield>
  <datafield tag="040" ind1=" " ind2=" ">
    <subfield code="c">comduadb</subfield>
  </datafield>
  <datafield tag="041" ind1=" " ind2=" ">
    <subfield code="a">spa</subfield>
  </datafield>
  <datafield tag="082" ind1=" " ind2="4">
    <subfield code="a">372</subfield>
  </datafield>
  <datafield tag="100" ind1="1" ind2="0">
    <subfield code="a">Cano G., Gloria Stella</subfield>
    <subfield code="4">aut</subfield>
    <subfield code="e">aut</subfield>
    <subfield code="9">598467</subfield>
  </datafield>
  <datafield tag="245" ind1="1" ind2="0">
    <subfield code="a">Croquis de ciudad</subfield>
  </datafield>
  <datafield tag="260" ind1=" " ind2=" ">
    <subfield code="a">Medell&#xED;n :</subfield>
    <subfield code="b">[sin publicador],</subfield>
    <subfield code="c">2010.</subfield>
  </datafield>
  <datafield tag="300" ind1=" " ind2=" ">
    <subfield code="a">1 CD-ROM + 1 DVD (50 min.) : son., col.</subfield>
  </datafield>
  <datafield tag="500" ind1=" " ind2=" ">
    <subfield code="a">Para facilitarle al usuario el CD-ROM y el DVD ambos iran ubicados en la coleccion de tesis digital del tercer piso de la Biblioteca Cantral.</subfield>
  </datafield>
  <datafield tag="505" ind1="8" ind2="0">
    <subfield code="t">Croquis de ciudad</subfield>
  </datafield>
  <datafield tag="520" ind1="3" ind2=" ">
    <subfield code="a">Croquis de ciudad es un proyecto monogr&#xE1;fico, formulado y ejecutado en base a las percepciones y construcciones simb&#xF3;licas de 9 j&#xF3;venes, del barrio Castilla, pertenecientes a la Corporaci&#xF3;n Cultural Renovaci&#xF3;n. La investigaci&#xF3;n gira entorno a la re-configuraci&#xF3;n y re-valoraci&#xF3;n de algunas zonas de la ciudad de Medell&#xED;n, a partir de tres referencias objetivas y subjetivas: imaginarios urbanos (personales), percepciones mentales y sensitivas de la ciudad de Medell&#xED;n, y experiencias directas o indirectas en la misma ciudad (antes y durante los 5 talleres). De esta manera la investigaci&#xF3;n pretende evidenciar e interpretar estos imaginarios simb&#xF3;licos para llegar a unas consideraciones finales que puedan hablar de las diversas maneras actuales de vivir y comprender la ciudad ya sea como un laboratorio, espacio para la educaci&#xF3;n y relaci&#xF3;n de multiplicidad de lenguajes, como tambi&#xE9;n una ciudad integral o fragmentada.</subfield>
  </datafield>
  <datafield tag="650" ind1=" " ind2=" ">
    <subfield code="a">Ciudades y arte</subfield>
    <subfield code="9">156536</subfield>
  </datafield>
  <datafield tag="650" ind1=" " ind2=" ">
    <subfield code="a">Imaginarios urbanos</subfield>
    <subfield code="9">108740</subfield>
  </datafield>
  <datafield tag="650" ind1=" " ind2=" ">
    <subfield code="a">Talleres de artes</subfield>
    <subfield code="9">167688</subfield>
  </datafield>
  <datafield tag="650" ind1=" " ind2="7">
    <subfield code="a">Signos y s&#xED;mbolos</subfield>
    <subfield code="2">armarc</subfield>
    <subfield code="9">11534</subfield>
  </datafield>
  <datafield tag="650" ind1=" " ind2=" ">
    <subfield code="a">Mapas mentales</subfield>
    <subfield code="9">110900</subfield>
  </datafield>
  <datafield tag="650" ind1=" " ind2="7">
    <subfield code="a">Espacio p&#xFA;blico</subfield>
    <subfield code="2">armarc</subfield>
    <subfield code="9">213</subfield>
  </datafield>
  <datafield tag="650" ind1=" " ind2="0">
    <subfield code="a">Territorio</subfield>
    <subfield code="9">71013</subfield>
  </datafield>
  <datafield tag="650" ind1=" " ind2="7">
    <subfield code="a">Participaci&#xF3;n ciudadana</subfield>
    <subfield code="2">lemb</subfield>
    <subfield code="9">64098</subfield>
  </datafield>
  <datafield tag="650" ind1=" " ind2=" ">
    <subfield code="a">Formaci&#xF3;n art&#xED;stica</subfield>
    <subfield code="9">155662</subfield>
  </datafield>
  <datafield tag="650" ind1=" " ind2="7">
    <subfield code="a">Educaci&#xF3;n art&#xED;stica</subfield>
    <subfield code="2"></subfield>
    <subfield code="9">30337</subfield>
  </datafield>
  <datafield tag="650" ind1=" " ind2="7">
    <subfield code="a">Interaccionismo simb&#xF3;lico</subfield>
    <subfield code="2">armarc</subfield>
    <subfield code="9">68208</subfield>
  </datafield>
  <datafield tag="650" ind1=" " ind2=" ">
    <subfield code="a">Centro de la Ciudad - Medell&#xED;n</subfield>
    <subfield code="9">14583</subfield>
  </datafield>
  <datafield tag="650" ind1=" " ind2="7">
    <subfield code="a">Percepci&#xF3;n visual</subfield>
    <subfield code="2">dcs</subfield>
    <subfield code="9">31502</subfield>
  </datafield>
  <datafield tag="700" ind1="1" ind2="0">
    <subfield code="a">Bolivar L., Catalina</subfield>
    <subfield code="4">aut</subfield>
    <subfield code="e">aut</subfield>
    <subfield code="9">583811</subfield>
  </datafield>
  <datafield tag="700" ind1="1" ind2="0">
    <subfield code="a">Bustamante Cardona, Bernardo</subfield>
    <subfield code="4">ths</subfield>
    <subfield code="e">ths</subfield>
    <subfield code="9">307807</subfield>
  </datafield>
  <datafield tag="942" ind1=" " ind2=" ">
    <subfield code="c">TESIS</subfield>
  </datafield>
  <datafield tag="999" ind1=" " ind2=" ">
    <subfield code="c">542255</subfield>
    <subfield code="d">542255</subfield>
  </datafield>
  <datafield tag="502" ind1=" " ind2=" ">
    <subfield code="b">33</subfield>
    <subfield code="c">7</subfield>
  </datafield>
  <datafield tag="526" ind1=" " ind2=" ">
    <subfield code="a">33</subfield>
  </datafield>
  <datafield tag="952" ind1=" " ind2=" ">
    <subfield code="0">0</subfield>
    <subfield code="1">0</subfield>
    <subfield code="4">0</subfield>
    <subfield code="7">0</subfield>
    <subfield code="8">GENERAL</subfield>
    <subfield code="a">CEDEA</subfield>
    <subfield code="b">CEDEA</subfield>
    <subfield code="d">2010-02-04</subfield>
    <subfield code="i">C1078396</subfield>
    <subfield code="l">0</subfield>
    <subfield code="o">TRA/LIEAP0015 2009 CD-ROM e2</subfield>
    <subfield code="p">0616605</subfield>
    <subfield code="r">2023-04-29 00:00:00</subfield>
    <subfield code="t">1</subfield>
    <subfield code="w">2023-04-29</subfield>
    <subfield code="y">DIGITAL</subfield>
  </datafield>
  <datafield tag="952" ind1=" " ind2=" ">
    <subfield code="0">0</subfield>
    <subfield code="1">0</subfield>
    <subfield code="4">0</subfield>
    <subfield code="7">0</subfield>
    <subfield code="8">TESDIGBC</subfield>
    <subfield code="a">BC</subfield>
    <subfield code="b">BC</subfield>
    <subfield code="d">2010-02-09</subfield>
    <subfield code="e">Material adquirido por donaci&#xF3;n</subfield>
    <subfield code="i">C1078932</subfield>
    <subfield code="l">0</subfield>
    <subfield code="o">372.5 C227 CD-ROM</subfield>
    <subfield code="p">0744567</subfield>
    <subfield code="r">2023-04-29 00:00:00</subfield>
    <subfield code="t">1</subfield>
    <subfield code="w">2023-04-29</subfield>
    <subfield code="y">DIGITAL</subfield>
  </datafield>
</record>
